000 00510nam a2200181Ia 4500
005 20250508154829.0
008 008 250505s9999 xx 000 0 eng d
037 _aTextual
040 _aFEDL
_beng
_cFEDL
041 _aeng
_2eng
084 _a372.4, CHA
_qFEDL
100 _aChall Jeanne S
_991099
245 0 _aLearning to read : The great debate
260 _aNew York, USA
_bMcGraw-Hill Book Company
_c1967
300 _a372p.
942 _cTEXL
_h372.4, CHA
999 _c1352363
_d1352363